Focus! the power of people group thinking : (Record no. 11000)
[ view plain ]
| 000 -LEADER | |
|---|---|
| fixed length control field | 00813nam a2200241 a 4500 |
| 003 - CONTROL NUMBER IDENTIFIER | |
| control field | PILC |
| 005 - DATE AND TIME OF LATEST TRANSACTION | |
| control field | 20161013090920.0 |
| 008 - FIXED-LENGTH DATA ELEMENTS--GENERAL INFORMATION | |
| fixed length control field | 040525s1989 xx 00 eng d |
| 010 ## - LIBRARY OF CONGRESS CONTROL NUMBER | |
| LC control number | Acc#26791,28721,28723-28725 |
| 040 ## - CATALOGING SOURCE | |
| Transcribing agency | Philippine Baptist Theological Seminary |
| 050 ## - LIBRARY OF CONGRESS CALL NUMBER | |
| Classification number | BV 2061 |
| Item number | R533 1989&1994 |
| 050 ## - LIBRARY OF CONGRESS CALL NUMBER | |
| Classification number | BV 2061 |
| Item number | R533 1989 |
| 050 ## - LIBRARY OF CONGRESS CALL NUMBER | |
| Classification number | BV 2061 |
| Item number | R533 1994 |
| 100 10 - MAIN ENTRY--PERSONAL NAME | |
| Personal name | Robb, John D. |
| 245 10 - TITLE STATEMENT | |
| Title | Focus! the power of people group thinking : |
| Remainder of title | a practical manual for planning effective strategies to reach the unreached / |
| Statement of responsibility, etc. | John D. Robb. |
| 250 ## - EDITION STATEMENT | |
| Edition statement | 1st ed & 2nd ed. Acc#28330 |
| 260 0# - PUBLICATION, DISTRIBUTION, ETC (IMPRINT) | |
| Place of publication, distribution, etc. | Monrovia, CA : |
| Name of publisher, distributor, etc. | Marc, |
| Date of publication, distribution, etc. | c1989. |
| 300 ## - PHYSICAL DESCRIPTION | |
| Extent | 101 p. : 20 cm. |
| 500 ## - GENERAL NOTE | |
| General note | Includes bibliographical references. |
| 650 ## - SUBJECT ADDED ENTRY--TOPICAL TERM | |
| Topical term or geographic name as entry element | MISSIONS |
| General subdivision | THEORY |
| 650 ## - SUBJECT ADDED ENTRY--TOPICAL TERM | |
| Topical term or geographic name as entry element | EVANGELISTIC WORK |
| 942 ## - ADDED ENTRY ELEMENTS (KOHA) | |
| Koha item type | Circulation Books |
| Source of classification or shelving scheme | Library of Congress Classification |
| Withdrawn status | Lost status | Source of classification or shelving scheme | Damaged status | Not for loan | Home library | Current library | Shelving location | Date acquired | Source of acquisition | Total Checkouts | Full call number | Barcode | Date last seen | Price effective from | Koha item type |
|---|---|---|---|---|---|---|---|---|---|---|---|---|---|---|---|
| Dewey Decimal Classification | PBTS Library | PBTS Library | Circulation Section | 05/25/2004 | Gift | BV 2061 R533 1989 1 | 26791 | 03/18/2026 | 04/02/2015 | Circulation Books | |||||
| Dewey Decimal Classification | PBTS Library | PBTS Library | Circulation Section | 04/21/2005 | Gift | BV 2061 R533 1989 2 | 28721 | 03/18/2026 | 04/02/2015 | Circulation Books | |||||
| Dewey Decimal Classification | PBTS Library | PBTS Library | Circulation Section | 04/21/2005 | Gift | BV 2061 R533 1989 3 | 28723 | 03/18/2026 | 04/02/2015 | Circulation Books | |||||
| Dewey Decimal Classification | PBTS Library | PBTS Library | Circulation Section | 04/21/2005 | Gift | BV 2061 R533 1989 4 | 28724 | 03/18/2026 | 04/02/2015 | Circulation Books | |||||
| Dewey Decimal Classification | PBTS Library | PBTS Library | Circulation Section | 04/21/2005 | Gift | BV 2061 R533 1989 5 | 28725 | 03/18/2026 | 04/02/2015 | Circulation Books |